Product Placement. Технологии скрытой рекламы

Podrobná bibliografie
Hlavní autor: Берёзкина О. П. Ольга Павловна
Shrnutí:Первая книга по технологии product placement от российского автора. Ориентирована на современную практику, содержит многочисленные отечественные и зарубежные примеры. Вы будете удивлены широтой этого издания, которое рассказывает об эволюции РР, начиная с его использования в традиционных медиаресурсах и заканчивая product placement на космических станциях и в Антарктиде. Предложены профессиональные инструменты по выбору путей применения РР, психологической оценки восприятия и вовлеченности, управлению потребительским поведением и увеличению эффективности product placement через социальные стереотипы. Рассмотрены правовые и этические вопросы. Вступительная статья к изданию написана Мэри-Лу Галисиан — ведущим экспертом США в области product placement. Книга содержит цветные иллюстрации известных кинопроектов. Рекомендована специалистам по product placement, рекламе, маркетингу, связям с общественностью, преподавателям и студентам данных специальностей. Также будет интересна дизайнерам, психологам и социологам.
Jazyk:ruština
Vydáno: СПб., Питер, 2009
Edice:Маркетинг для профессионалов
Témata:
Médium: MixedMaterials Kniha
KOHA link:https://koha.lib.tpu.ru/cgi-bin/koha/opac-detail.pl?biblionumber=145943

MARC

LEADER 00000nam0a2200000 4500
001 145943
005 20231101221206.0
010 |a 9785388003515 
035 |a (RuTPU)RU\TPU\book\158195 
090 |a 145943 
100 |a 20081024d2009 km y0rusy50 ca 
101 0 |a rus 
102 |a RU 
105 |a a z 000zy 
200 1 |a Product Placement. Технологии скрытой рекламы  |f О. П. Берёзкина 
210 |a СПб.  |c Питер  |d 2009 
215 |a 206 с.  |c ил. 
225 1 |a Маркетинг для профессионалов 
330 |a Первая книга по технологии product placement от российского автора. Ориентирована на современную практику, содержит многочисленные отечественные и зарубежные примеры. Вы будете удивлены широтой этого издания, которое рассказывает об эволюции РР, начиная с его использования в традиционных медиаресурсах и заканчивая product placement на космических станциях и в Антарктиде. Предложены профессиональные инструменты по выбору путей применения РР, психологической оценки восприятия и вовлеченности, управлению потребительским поведением и увеличению эффективности product placement через социальные стереотипы. Рассмотрены правовые и этические вопросы. Вступительная статья к изданию написана Мэри-Лу Галисиан — ведущим экспертом США в области product placement. Книга содержит цветные иллюстрации известных кинопроектов. Рекомендована специалистам по product placement, рекламе, маркетингу, связям с общественностью, преподавателям и студентам данных специальностей. Также будет интересна дизайнерам, психологам и социологам. 
606 1 |a Реклама  |2 stltpush  |3 (RuTPU)RU\TPU\subj\24860  |9 49135 
610 1 |a product placement 
610 1 |a массовое сознание 
610 1 |a покупательское поведение 
610 1 |a бренды 
610 1 |a торговые марки 
610 1 |a имидж 
610 1 |a имиджевый подход 
610 1 |a технологии 
610 1 |a маркетинг 
610 1 |a дизайн 
610 1 |a психология 
610 1 |a социология 
610 1 |a этика 
610 1 |a законодательство 
610 1 |a маркетинговые коммуникации 
610 1 |a престижное поведение 
675 |a 659  |v 3 
700 1 |a Берёзкина  |b О. П.  |g Ольга Павловна 
801 1 |a RU  |b 63413507  |c 20081024  |g PSBO 
801 2 |a RU  |b 63413507  |c 20150623  |g PSBO 
942 |c BK 
959 |a 94/20081023  |d 2  |e 210,00  |f АНЛ:1  |f ЧЗГЛ:1